01014cam a22002771 45000010005000000030008000050050017000130080039000300350018000690350019000870400035001060410008001410820018001491110110001672450066002772600029003433000019003724900040003915000026004315000037004575040031004946500047005259420012005729990015005849520137005998873BD-RjUL20211208234653.0140119s1964 fr b 100 0 eng a(BD-RjUL)8918 a(OCoLC)2226285 aDLCcOClUdOCoLCdBD-RjULbeng aeng00a507bSET 19642 aSeminar on the Teaching of Basic Sciences in African Universitiesn(1st :d1962 :cRabat, Morocco)92923414aThe teaching of sciences in African universities :breport / aParis :bUnesco,cc1964. a112p. ;c24cm.1 aThe Development of higher education a"ED(NS).63/xvii.3/A." a"[Held] 13 to 22 December 1962." aBibliographical footnotes. 0aSciencexStudy and teachingzAfrica927587 2ddccBK c8873d8873 00102ddc40718NFICaRUCLbRUCLcreadingd1969-09-10eZeitlingerg17.00l0o507 SET 1964r2014-01-19 00:00:00tC-1w2014-01-19yBK